Sintering-new developments : proceedings of the 4th International Round Table Conference on Sintering, Dubrovnik, Yugoslavia, September 5-10, 1977 /

Guardado en:
Autor Corporativo: International Round Table Conference on Sintering Dubrovnik, Croatia)
Otros Autores: Ristic, Momécilo M.
Formato: Libro
Idioma:English
Publicado: Amsterdam : New York : Elsevier Scientific Pub. Co. ; distributors for the U.S. and Canada, Elsevier/North-Holland, 1979.
Series:Materials science monographs ; 4
Materias:
Etiquetas: Agregar Etiqueta
Sin Etiquetas, Sea el primero en etiquetar este registro!
LEADER 01012cam a22002295a 4500
001 EIQ.libpla002481
008 790307s1979####ne#a#####b####100#0#eng#d
005 20070621175127.0
245 1 0 |a Sintering-new developments :  |b proceedings of the 4th International Round Table Conference on Sintering, Dubrovnik, Yugoslavia, September 5-10, 1977 /  |c edited by M.M. Ristic. 
260 |a Amsterdam :  |b Elsevier Scientific Pub. Co. ;  |a New York :  |b distributors for the U.S. and Canada, Elsevier/North-Holland,  |c 1979. 
300 |a x, 380 p. :  |b il. ;  |c 25 cm. 
440 0 |a Materials science monographs ;  |v 4 
504 |a Incluye referencias bibliográficas. 
020 |a 0444417966 
111 2 |a International Round Table Conference on Sintering  |n (4th :  |d 1977 :  |c Dubrovnik, Croatia) 
700 1 |a Ristic, Momécilo M. 
082 0 0 |a 671.3/7 
650 4 |a Sinterización  |x Congresos. 
650 0 |a Sintering  |x Congresses. 
010 |a  79011537  
040 |a DLC  |c DLC  |d AR-BbSID 
859 |a AR-BbSID  |b BIB. PLAPIQUI  |h 671.37  |i In 8  |p 1235